000 01714cam a2200337 i 4500
001 22989404
003 OSt
005 20260604162153.0
008 230227s2023 nyu 000 1 eng
010 _a 2023008960
020 _a0458942707
_q(hardcover)
020 _q(ebook)
035 _a22989404
040 _aDLC
_beng
_erda
_cIRDP
_dDLC
042 _apcc
050 0 0 _aPR6114.E57
_bS63 2023
082 0 0 _a320.971 SMA
100 1 _aELKINS,DAVID J.[ET ALL]
_eauthor.
245 1 0 _aSMALL WORLDS;
_cDAVID J, ELKINS [ET .AL]
_bPROVINCES AND PARTIES IN CANADIAN POLITICAL LIFE
264 1 _aTORONTO
_bMETHUEN
_c1980
300 _a259 pages ;
_c24 cm
336 _atext
_btxt
_2rdacontent
337 _aunmediated
_bn
_2rdamedia
338 _avolume
_bnc
_2rdacarrier
520 _a"Set over the course of three summers, Small Worlds follows Stephen, a first-generation Londoner born to Ghanaian immigrant parents, brother to Ray, and best friend to Adeline. On the cusp of big life changes, Stephen feels pressured to follow a certain track-a university degree, a move out of home-but when he decides instead to follow his first love, music, his world and family fracture in ways he didn't foresee. Now Stephen must find a path and peace for himself: a space he can feel beautiful, a space he can feel free."--
_cProvided by publisher.
655 7 _aNovels.
_2lcgft
776 0 8 _iOnline version:
_aAzumah Nelson, Caleb.
_tSmall worlds
_bFirst Grove Atlantic hard cover edition.
_dNew York : Grove Press, 2023
_z9780802161970
_w(DLC) 2023008961
906 _a7
_bcbc
_corignew
_d1
_eecip
_f20
_gy-gencatlg
942 _2ddc
_cBOOKS
999 _c9840
_d9840